000 01225nas a2200385 4500
001 BR2013003089
003 BR-BrBNA
005 20231205122218.0
007 ta
008 230509b bl.|||p| |||| 00| 00por d
040 _aBR-BrBNA
_bpor
_cBiblioteca Nacional de Agricultura
041 _a(Pt)
072 _aE14; M01
100 1 _aFurtado Neto, M.A. de A.
100 1 _aMarinho, R.A.
100 1 _aConceição, R.N. de L.
100 1 _aSalles, R. de
100 1 _aBraga, M.S. de C.
100 1 _aLeite Filho, R.H.
100 1 _aFeitosa, R.D.
100 1 _aBasílio, T.H.
100 1 _aNascimento, F.C.P.
100 1 _aOsório, F.M.
100 1 _aFonteles Filho, A.A.
100 1 _aMaia, L.P.
245 1 _aBarco-escola: transferência de tecnologia e capacitação de pescadores artesanais para a captura de peixes durante o defeso da lagosta no nordeste do Brasil
650 _aLAGOSTA
650 _aESTOQUE
650 _aPESCA ARTESANAL
650 _aTRANSFERÊNCIA DE TECNOLOGIA
650 _aCAPACITAÇÃO
773 0 _tArquivos de Ciências do Mar (Brazil)
_xISSN 0374-5686
_g(2007), v. 40(2) p. 75-79
_wBR2013003089
909 _a202311
_bLúcia
_c55
_dLúcia Elande
942 _2AGRIS
_n0
_cANA
999 _c227497
_d227497